| 000 | 00979cam a2200289 a 4500 | ||
|---|---|---|---|
| 001 | 000014993 | ||
| 005 | 20240502121957.0 | ||
| 008 | 990323s1998 ec b 000 0 spa d | ||
| 020 | _a9978044418 | ||
| 035 | _a(NNU)NYUb12007208 | ||
| 035 | _a(OCoLC)ocm41272753 | ||
| 035 | _a(CStRLIN)NYUGB12007208-B | ||
| 040 |
_aDO-SdBNP _cMNO _dDLC _dBNPHU |
||
| 042 | _alccopycat | ||
| 082 |
_a305 _bP332d |
||
| 100 | 1 |
_aPaulson, Susan, _d1961- _933940 |
|
| 245 | 1 | 0 |
_aDesigualdad social y degradación ambiental en América Latina / _cSusan Paulson ; edición Carlos Herz. |
| 260 |
_aQuito : _bAbya-Yala : _bPrograma Bosques, Arboles y Comunidades Rurales, _c1998. |
||
| 300 |
_a161 p. ; _c21 cm. |
||
| 504 | _aIncluye referencias bibliográficas (p. 143-161). | ||
| 650 | 0 |
_a Igualdad _912328 |
|
| 650 | 4 |
_aGestión ambiental _933941 |
|
| 650 | 4 |
_aDegradación ambiental _933539 |
|
| 700 | 1 |
_aHerz, Carlos, _eed. _933942 |
|
| 910 | _aCatalogación por copia / LC | ||
| 049 | _aBNGR | ||
| 999 |
_c14566 _d14566 |
||